Hapkido - Lexique base - Statistiques

Statistiques générales
  • Ce quiz a été pris 5 fois
  • Le résultat moyen est 12 sur 15
Statistiques - réponses
Question Réponse % Correct
Vers l'avant Apeureo
100%
Paume de la main Chang kwon
100%
Coeur Chim jan
100%
Coup avec le talon dans la colonne vertébrale Chok choo kama tchagui
100%
Coup descendant qui "rappe" la cuisse jusqu'au genou Dae taeboo nellyo kagui
100%
Frappe sur l'intérieur de la cheville (rate 6) Handan bal tchagui
100%
Chute arrière Hoo bang nakbup
100%
Gauche et droite Ja ou
100%
Frappe de coude à gauche et droite Jaou myungchi chigui
100%
Chute avant roulée Jun bang hwuejon nakbup
100%
Tempe Kaek joo in
100%
Points vitaux Keupsoh
100%
Clef Kukki
100%
Percer avec le bout des doigts Kwansoo tzileugui
100%
Vers le bas Mitureo
100%
Techniques martiales Mu Sul
100%
Techniques de chutes Nak bup ki sul
100%
Pique pénétrante du pied dans les parties génitales Nang chim jillo bal tchagui
100%
Yeux Noon
100%
Désaisie Paegi
100%
La machoire Teok
100%
Frappe remontante sous la mâchoire Teok cha olligui
100%
Percer avec deux doigts Y ji kwansoo tzileugui
100%
De coté Yopeureo
100%
Pique pénétrante du pied dans les parties génitales pour quelqu'un situé sur le coté Yop saram nang chim bal tchagui
100%
Partie génitales Nang chim
67%
Vers l'intérieur Aneureo
50%
Saluer le drapeau Kukki he daehayo, kyongnye
50%
Le dessus Hwy
33%
Coup de pied arrière dans le plexus + frappe de poing devant Jun hoo kongkyok
33%
Vers l'extérieur Bakureo
0%
Coup de pied en torsion dans l'intérieur de la cuisse Dae taeboo cha dolligui
0%
Vers l'arrière Dwireo
0%
Vers le haut Hwyreo
0%
Frappe du poignet à la mâchoire gauche et droite Jaou yi kwon teok cho olligui
0%
Coup circulaire "coupant" le coté du genou Jok keuligui
0%
Le poing Kwon
0%
Art martial Mu Ye
0%
Percussion ascendante Olligui
0%
Coup latéral dans le genou de quelqu'un sur le coté Yop saram mureup yop tchagui
0%
Aucun quiz correspondant
Distribution des résultats
% des personnes avec chaque résultat
Percentile par nombre de réponses
Votre historique - résultats
Vous n’avez pas pris ce quiz